000 00720nam a22002297a 4500
005 20251108173652.0
008 250721s2007 xx 000 0 ara d
082 1 4 _a218.32/نسا
100 1 _aالخالدي، صلاح عبد الفتاح
245 1 0 _aنسائم الشوق /
264 1 _aعمان :
_bدار العلوم للنشر والتوزيع،
_c2007.
300 _a324ص.
490 0 _aأنوار رمضانية
_v3
650 1 7 _aالأسلام
650 1 7 _aالصوم
650 1 7 _aالعبادة
650 1 7 _aالأدعية الاسلامية
700 1 _aالنابلسي، محمد راتب
700 1 _aالعقيل، عبد الله عقيل
942 _2ddc
_cBK
999 _c109518
_d109518